[Event "European Blitz 2016"]
[Site "Tallinn EST"]
[Date "2016.12.17"]
[Round "9.14"]
[White "Munoz, Miguel"]
[Black "Agrest, Evgenij"]
[Result "1/2-1/2"]
[WhiteTitle "GM"]
[BlackTitle "GM"]
[WhiteElo "2473"]
[BlackElo "2593"]
[WhiteFideId "3800229"]
[BlackFideId "1705024"]
[EventDate "2016.12.17"]

1. e4 c6 2. Nc3 d5 3. Nf3 Bg4 4. Be2 e6 5. O-O Nf6 6. e5 Nfd7 7. d4 c5 8. Bg5
Qc8 9. Nb5 Nc6 10. c3 a6 11. Nd6+ Bxd6 12. exd6 O-O 13. Ne5 Bxe2 14. Qxe2 cxd4
15. Nxc6 Qxc6 16. Be7 dxc3 17. Rac1 d4 18. bxc3 dxc3 19. Bxf8 Rxf8 20. Rfd1 Nb6
21. Qe5 Nd5 22. Rxd5 Qxd5 23. Qxd5 exd5 24. Rxc3 Rd8 25. Rc7 Kf8 26. Rxb7 Rxd6
27. Kf1 Rc6 28. Rd7 Rc1+ 29. Ke2 Rc2+ 30. Ke3 Rxa2 31. Rxd5 Ke7 32. Rc5 Kd6 33.
Rc8 a5 34. Ra8 a4 35. Ra6+ Ke5 36. f4+ Kf5 37. Ra5+ Kg6 38. Kf3 h5 39. h3 f6 40.
g4 Ra3+ 41. Ke4 h4 42. g5 f5+ 43. Kd4 Rf3 44. Ra6+ Kh5 45. Ke5 a3 46. Kxf5 g6+
47. Ke5 Re3+ 48. Kf6 Rxh3 49. Ra8 Rf3 50. Rh8+ Kg4 51. Kxg6 Rxf4 52. Ra8 h3 53.
Rxa3 h2 54. Ra1 Kg3 55. Kg7 Kg2 56. g6 Rf1 57. Ra2+ Rf2 58. Ra1 h1=Q 59. Rxh1
Kxh1 60. Kh7 Rg2 1/2-1/2

[Event "European Blitz 2016"]
[Site "Tallinn EST"]
[Date "2016.12.17"]
[Round "9.15"]
[White "Vallejo Pons, Francisco"]
[Black "Novikov, Stanislav"]
[Result "1-0"]
[WhiteTitle "GM"]
[BlackTitle "GM"]
[WhiteElo "2711"]
[BlackElo "2513"]
[WhiteFideId "2205530"]
[BlackFideId "4125371"]
[EventDate "2016.12.17"]

1. d4 g6 2. e4 Bg7 3. Nc3 c6 4. Bc4 b5 5. Bb3 a5 6. a4 b4 7. Nce2 d5 8. Nf3 e6
9. Ng3 Ba6 10. h4 h6 11. Bf4 Nd7 12. Qd2 Ngf6 13. e5 Ne4 14. Qe3 Nxg3 15. fxg3
c5 16. dxc5 Rc8 17. Kf2 Nxc5 18. Rhd1 Qb6 19. Kg1 Nd7 20. Nd4 Bc4 21. Bxc4 Rxc4
22. b3 Rc3 23. Qe2 g5 24. Be3 Bxe5 25. Bf2 Bxg3 26. Rd2 gxh4 27. Be3 Qc7 28. Rf1
Ne5 29. Nb5 Qc6 30. Nxc3 bxc3 31. Rdd1 Ng6 32. Bd4 Rg8 33. Qf3 Nf4 34. Kh1 Qd6
35. Rde1 Qd7 36. Bxc3 d4 37. Bxa5 Kf8 38. Re4 Nd5 39. Bd2 Rg6 40. Rxd4 Qc7 41.
Rc4 Qb8 42. Qxf7# 1-0

[Event "European Blitz 2016"]
[Site "Tallinn EST"]
[Date "2016.12.17"]
[Round "9.16"]
[White "Kobalia, Mikhail"]
[Black "Timerkhanov, Alexander"]
[Result "1-0"]
[WhiteTitle "GM"]
[BlackTitle "FM"]
[WhiteElo "2628"]
[BlackElo "2360"]
[WhiteFideId "4119150"]
[BlackFideId "24177938"]
[EventDate "2016.12.17"]

1. e4 c5 2. Nf3 d6 3. Bb5+ Nd7 4. O-O Nf6 5. Re1 a6 6. Bf1 e5 7. c3 Be7 8. d4
Qc7 9. a4 O-O 10. a5 Re8 11. dxe5 dxe5 12. Nbd2 Nf8 13. Nc4 Bg4 14. Ncxe5 Qxe5
15. Nxe5 Bxd1 16. Rxd1 Nxe4 17. Bc4 Nd6 18. Bb3 Ng6 19. Nxg6 hxg6 20. Bf4 Rad8
21. g3 g5 22. Bxd6 Rxd6 23. Rxd6 Bxd6 24. Rd1 Rd8 25. Rd5 Be7 26. Rf5 Bf6 27.
Rxc5 Rd2 28. Rc7 Rxb2 29. Bxf7+ Kh7 30. Bd5 Rb5 31. Be4+ Kg8 32. Bg6 Kf8 33.
Rf7+ Kg8 34. Rc7 Kf8 35. c4 Rxa5 36. Rxb7 Rc5 37. Bf7 a5 38. Bd5 Bc3 39. Ra7 Be5
40. Kg2 Bc7 41. Kf3 Ke7 42. Kg4 Kf6 43. Ra6+ Ke5 44. Kxg5 Bd8+ 45. Kg6 Rc7 46.
Rxa5 Kd4 47. Rb5 Bf6 48. h4 Re7 49. h5 Re5 50. f4 Re3 51. g4 Rg3 52. g5 Ke3 53.
Rb3+ 1-0

[Event "European Blitz 2016"]
[Site "Tallinn EST"]
[Date "2016.12.17"]
[Round "9.17"]
[White "Cherepov, Alexej"]
[Black "Riazantsev, Alexander"]
[Result "1/2-1/2"]
[BlackTitle "GM"]
[WhiteElo "2106"]
[BlackElo "2671"]
[WhiteFideId "13503650"]
[BlackFideId "4125029"]
[EventDate "2016.12.17"]

1. d4 d5 2. c4 e6 3. Nf3 a6 4. g3 dxc4 5. Bg2 Nc6 6. O-O Rb8 7. Nc3 b5 8. e4 Bb4
9. Bg5 Nge7 10. d5 Bxc3 11. bxc3 exd5 12. exd5 Qxd5 13. Nd4 Qxg5 14. Nxc6 Nxc6
15. Bxc6+ Kf8 16. Qd4 Rb6 17. Rad1 Rxc6 18. Qd8+ Qxd8 19. Rxd8+ Ke7 20. Rxh8 Bf5
21. a3 Rd6 22. Re1+ Kf6 23. Ra8 g5 24. Ra7 Rc6 25. f3 h5 26. Kf2 Be6 27. Rd1 Ke7
28. Ra8 Kf6 29. h4 gxh4 30. gxh4 Bf5 31. Rh8 Bg6 32. Rc8 Bf5 33. Rh8 Bg6 34. Rc8
a5 35. Rd7 Bf5 36. Rdxc7 Re6 37. Rf8 Bg6 38. Rb7 Re5 39. Rfb8 Rd5 40. Rb6+ Kg7
41. Rxb5 Rd3 42. Rxa5 Rxc3 43. Rc8 Rc1 44. Rac5 Bd3 45. a4 Rc2+ 46. Ke3 Ra2 47.
a5 Ra3 48. Kf4 Be2 49. Ke5 Rxf3 50. a6 Ra3 51. R5c6 Ra5+ 52. Kd4 Ra3 53. R8c7 c3
54. a7 Ra4+ 55. Ke3 Bf1 56. Rxc3 Bg2 57. Rb3 Rxh4 58. Rb8 Ra4 59. Kf2 Bh1 60.
Kg1 Bf3 61. Kf2 Bh1 62. Kg1 Bf3 63. Kf2 Bh1 1/2-1/2

[Event "European Blitz 2016"]
[Site "Tallinn EST"]
[Date "2016.12.17"]
[Round "9.18"]
[White "Naiditsch, Arkadij"]
[Black "Miezis, Normunds"]
[Result "1-0"]
[WhiteTitle "GM"]
[BlackTitle "GM"]
[WhiteElo "2687"]
[BlackElo "2509"]
[WhiteFideId "4650891"]
[BlackFideId "11600136"]
[EventDate "2016.12.17"]

1. e4 c5 2. Nf3 e6 3. d4 cxd4 4. Nxd4 a6 5. c4 Qc7 6. Nc3 Nc6 7. Be2 Nf6 8. O-O
h5 9. h3 Bc5 10. Be3 b6 11. Rc1 Bb7 12. Nc2 Ne5 13. b4 Bxe3 14. Nxe3 Nxe4 15.
Nxe4 Bxe4 16. Qd4 f5 17. c5 b5 18. f4 Nf7 19. Qxg7 Ke7 20. Qd4 Rag8 21. Bf3 Qxf4
22. c6 dxc6 23. Rxc6 Ne5 24. Qd6+ Kf6 25. Qxe6+ Kg7 26. Qf6+ Kh7 27. Rc7+ 1-0

[Event "European Blitz 2016"]
[Site "Tallinn EST"]
[Date "2016.12.17"]
[Round "9.19"]
[White "Dzhumagaliev, Yan"]
[Black "Zorko, Jure"]
[Result "0-1"]
[WhiteTitle "FM"]
[BlackTitle "IM"]
[WhiteElo "2400"]
[BlackElo "2454"]
[WhiteFideId "24100110"]
[BlackFideId "14604051"]
[EventDate "2016.12.17"]

1. d4 Nf6 2. c4 e6 3. g3 d5 4. Nf3 Bb4+ 5. Bd2 Be7 6. Bg2 O-O 7. O-O c6 8. Qc2
Nbd7 9. b3 b6 10. a4 Bb7 11. a5 c5 12. cxd5 Nxd5 13. a6 Bc6 14. e4 N5f6 15. Nc3
Rc8 16. Qb1 b5 17. e5 Nd5 18. Ne4 cxd4 19. Ba5 Qe8 20. Rc1 b4 21. Nxd4 Nxe5 22.
f4 Ng4 23. Bf3 Ngf6 24. Nxc6 Rxc6 25. Qd3 Qc8 26. Rxc6 Qxc6 27. Nxf6+ Bxf6 28.
Ra2 g6 29. Kg2 Qc5 30. Ra4 Bc3 31. Ra2 Rc8 32. g4 Nxf4+ 0-1

[Event "European Blitz 2016"]
[Site "Tallinn EST"]
[Date "2016.12.17"]
[Round "9.20"]
[White "Ladva, Ottomar"]
[Black "Plat, Vojtech"]
[Result "0-1"]
[WhiteTitle "GM"]
[BlackTitle "IM"]
[WhiteElo "2510"]
[BlackElo "2532"]
[WhiteFideId "4500024"]
[BlackFideId "325740"]
[EventDate "2016.12.17"]

1. Nf3 d6 2. d4 Bg4 3. e4 Nd7 4. h3 Bh5 5. Nc3 e5 6. g4 Bg6 7. Bg5 Be7 8. Bxe7
Nxe7 9. Qd2 c6 10. O-O-O Qc7 11. Nh4 O-O-O 12. f4 exf4 13. Qxf4 f6 14. Nf5 Bxf5
15. gxf5 g5 16. fxg6 hxg6 17. h4 d5 18. Qxc7+ Kxc7 19. exd5 Nxd5 20. Nxd5+ cxd5
21. Bd3 Rh6 22. Rdg1 f5 23. Rg5 Rdh8 24. Rhg1 Nf8 25. Re1 Kd6 26. Re8 Rxh4 27.
c3 Rg4 28. Rxg4 fxg4 29. Kd2 Rh2+ 30. Re2 g3 31. Ke3 Ne6 32. Re1 Rxb2 33. Rg1 g2
34. Bxg6 Rxa2 35. Bf5 a5 36. Bh3 Rc2 37. Kd3 Rf2 38. Ke3 Nf4 39. Bxg2 Rxg2 40.
Rb1 Ne2 41. Rxb7 Nxc3 42. Rb6+ Kc7 43. Ra6 a4 44. Kd3 Rg3+ 45. Kc2 Kb7 46. Ra5
Kb6 47. Ra8 Kb5 48. Rc8 Kb4 49. Rb8+ Kc4 0-1

[Event "European Blitz 2016"]
[Site "Tallinn EST"]
[Date "2016.12.17"]
[Round "9.21"]
[White "Piorun, Kacper"]
[Black "Maier, Christian"]
[Result "1-0"]
[WhiteTitle "GM"]
[BlackTitle "IM"]
[WhiteElo "2657"]
[BlackElo "2390"]
[WhiteFideId "1130420"]
[BlackFideId "4601955"]
[EventDate "2016.12.17"]

1. Nf3 Nf6 2. g3 g6 3. Bg2 Bg7 4. O-O O-O 5. c4 d6 6. d3 Nc6 7. Nc3 Nh5 8. Rb1
f5 9. Nd5 a5 10. Bg5 h6 11. Bd2 e6 12. Nc3 g5 13. e4 g4 14. Nh4 Nd4 15. Ne2
Nxe2+ 16. Qxe2 Qf6 17. exf5 exf5 18. Bc3 Qg5 19. f4 Qd8 20. Rbe1 c6 21. Ng6 Rf7
22. Qe8+ Qxe8 23. Rxe8+ Kh7 24. Ne7 Rf8 25. Rxf8 Bxf8 26. Nxc8 Rxc8 27. Bxa5 Ra8
28. Bc3 Rxa2 29. Re1 Kg6 30. b4 Ra3 31. Rc1 Bg7 32. Bxg7 Nxg7 33. b5 Rxd3 34.
bxc6 bxc6 35. Bxc6 Ne6 36. Bd5 Nd4 37. Kf2 Ra3 38. Rb1 Ra2+ 39. Ke3 Nf3 40. Rb6
Ra3+ 41. Kf2 Ra2+ 42. Ke3 Ra3+ 43. Ke2 Ra2+ 44. Kd3 Nxh2 45. Rxd6+ Kg7 46. c5 1-0

[Event "European Blitz 2016"]
[Site "Tallinn EST"]
[Date "2016.12.17"]
[Round "9.22"]
[White "Krutti, Valer"]
[Black "Ruck, Robert"]
[Result "0-1"]
[WhiteTitle "IM"]
[BlackTitle "GM"]
[WhiteElo "2361"]
[BlackElo "2561"]
[WhiteFideId "706248"]
[BlackFideId "705713"]
[EventDate "2016.12.17"]

1. d4 Nf6 2. c4 g6 3. Nc3 d5 4. Bg5 Ne4 5. Bh4 Nxc3 6. bxc3 c5 7. e3 Nc6 8. cxd5
Qxd5 9. Nf3 cxd4 10. cxd4 e5 11. Be2 Bb4+ 12. Kf1 exd4 13. Bf6 O-O 14. Nxd4 Qd6
15. Nxc6 Qxc6 16. Qd4 Bc5 17. Qc3 Bf5 18. h4 Bb6 19. Qb2 Bd8 20. Bd4 Be7 21. h5
Rac8 22. hxg6 Bxg6 23. Bxa7 Bf6 24. Bd4 Bxd4 25. Qxd4 Rfd8 26. Qb2 Qc2 27. Qxc2
Rxc2 28. Rd1 Rxd1+ 29. Bxd1 Rxa2 30. Rh4 Rb2 31. Rd4 b5 32. f4 b4 33. e4 Rb1 34.
Kf2 f6 35. e5 fxe5 36. fxe5 Kf7 37. Bg4 Rb2+ 38. Kg3 b3 39. Rb4 Rb1 40. e6+ Kf6
41. Rb7 b2 42. e7 h5 43. Bf3 h4+ 44. Kxh4 Rh1+ 45. Kg3 b1=Q 46. e8=N+ Bxe8 0-1

[Event "European Blitz 2016"]
[Site "Tallinn EST"]
[Date "2016.12.17"]
[Round "9.23"]
[White "Pustovoitova, Daria"]
[Black "Marin, Mihail"]
[Result "0-1"]
[WhiteTitle "FM"]
[BlackTitle "GM"]
[WhiteElo "2401"]
[BlackElo "2539"]
[WhiteFideId "4182146"]
[BlackFideId "1200020"]
[EventDate "2016.12.17"]

1. d4 Nf6 2. c4 e6 3. Nf3 Bb4+ 4. Nbd2 O-O 5. a3 Be7 6. e4 d6 7. b3 c5 8. Bb2
cxd4 9. Nxd4 a6 10. Be2 Qc7 11. O-O b6 12. Rc1 Bb7 13. Qc2 Nbd7 14. f3 Rfe8 15.
Nb1 Rac8 16. Qd2 Qb8 17. Rfd1 Bd8 18. Nc2 Bc7 19. Ne3 d5 20. cxd5 Bxh2+ 21. Kh1
Rxc1 22. Bxc1 exd5 23. Nxd5 Bxd5 24. exd5 Nh5 25. d6 Rxe2 26. Qg5 Bxd6 27. Qxh5
Nf6 28. Qf5 Bg3 29. Nc3 Re5 30. Qd3 Qe8 31. Qd2 h6 32. Bb2 Re6 33. a4 Rd6 34.
Qc1 Rxd1+ 35. Qxd1 Qe5 36. Qd2 Qh5+ 37. Kg1 Qh2+ 38. Kf1 Qh1+ 39. Ke2 Qxg2+ 40.
Kd1 Qxf3+ 41. Kc2 Qf5+ 42. Kd1 h5 43. Ne2 Qf1+ 44. Kc2 Qf5+ 45. Kd1 Be5 46. Bxe5
Qxe5 47. Qd8+ Kh7 48. Qxb6 Ne4 49. Qxa6 h4 50. Qd3 g6 51. Kc2 Ng3 52. Nd4 h3 53.
Nf3 Qf4 54. a5 Nf5 55. a6 Qxf3 56. Qxf3 Nd4+ 57. Kb2 Nxf3 58. a7 h2 59. a8=Q
h1=Q 60. Qf8 Ne5 61. Qe7 Qe4 62. Qf6 Qf5 63. Qh4+ Kg7 64. Qd4 g5 65. b4 g4 66.
b5 g3 67. b6 Qf2+ 0-1

[Event "European Blitz 2016"]
[Site "Tallinn EST"]
[Date "2016.12.17"]
[Round "9.24"]
[White "Onischuk, Vladimir"]
[Black "Vovk, Ilja"]
[Result "1/2-1/2"]
[WhiteTitle "GM"]
[BlackTitle "FM"]
[WhiteElo "2601"]
[BlackElo "2311"]
[WhiteFideId "14114038"]
[BlackFideId "4501764"]
[EventDate "2016.12.17"]

1. e4 c5 2. Nf3 Nc6 3. Bb5 d6 4. Bxc6+ bxc6 5. O-O Bg4 6. h3 Bh5 7. e5 dxe5 8.
g4 Bg6 9. Nxe5 Qc7 10. Re1 e6 11. d3 Bd6 12. Nxg6 hxg6 13. Qf3 Nf6 14. Nc3 Rb8
15. b3 Be5 16. Bb2 Bd4 17. Na4 Bxb2 18. Nxb2 g5 19. Nc4 Nd5 20. Ne5 Nf4 21.
Qxc6+ Qxc6 22. Nxc6 Nxh3+ 23. Kg2 Nf4+ 24. Kg1 Nh3+ 25. Kg2 Nf4+ 26. Kg1 1/2-1/2

[Event "European Blitz 2016"]
[Site "Tallinn EST"]
[Date "2016.12.17"]
[Round "9.25"]
[White "Margolin, Boris"]
[Black "Kozul, Zdenko"]
[Result "0-1"]
[WhiteTitle "IM"]
[BlackTitle "GM"]
[WhiteElo "2387"]
[BlackElo "2613"]
[WhiteFideId "4646193"]
[BlackFideId "14502879"]
[EventDate "2016.12.17"]

1. e4 c5 2. Nf3 d6 3. Bc4 a6 4. Qe2 Nf6 5. c3 Bg4 6. h3 Bxf3 7. Qxf3 Nc6 8. Qe2
g6 9. Bb3 Bg7 10. d3 O-O 11. Nd2 b5 12. Nf3 b4 13. O-O Nd7 14. Bd2 Qb6 15. Rab1
a5 16. Ba4 Rfd8 17. Bg5 Bf6 18. Bxf6 Nxf6 19. Bxc6 Qxc6 20. Rfe1 bxc3 21. bxc3
Rab8 22. c4 Nd7 23. Qc2 Ne5 24. Nxe5 dxe5 25. Rxb8 Rxb8 26. Rb1 Rb4 27. a3 Rxb1+
28. Qxb1 Qd6 29. Qb3 Kg7 30. a4 Qd4 31. Kf1 h5 32. Ke2 h4 33. Qb5 Kf6 34. Qxa5
Qb2+ 35. Qd2 Qa3 36. a5 Ke6 37. Ke3 g5 38. Kf3 f6 39. g3 hxg3 40. fxg3 Kf7 41.
h4 gxh4 42. gxh4 Qa1 43. Kg2 Kg6 44. Kh2 Kh5 45. Qf2 Qa3 46. Qf3+ Kh6 47. Qe3+
Kg6 48. Qg3+ Kf7 49. h5 Qxa5 50. Qg6+ Ke6 51. Qg4+ Kd6 52. h6 Qd2+ 53. Kg3 Qxh6
54. Kf3 Qd2 55. Qg6 Qxd3+ 56. Kg4 Qxc4 0-1

[Event "European Blitz 2016"]
[Site "Tallinn EST"]
[Date "2016.12.17"]
[Round "9.26"]
[White "Lobanov, Sergei"]
[Black "Cvitan, Ognjen"]
[Result "1-0"]
[BlackTitle "GM"]
[WhiteElo "2429"]
[BlackElo "2491"]
[WhiteFideId "24183750"]
[BlackFideId "14500086"]
[EventDate "2016.12.17"]

1. e4 c5 2. Nf3 d6 3. d4 cxd4 4. Nxd4 Nf6 5. Nc3 g6 6. Be2 Bg7 7. Be3 Nc6 8. Nb3
O-O 9. O-O Be6 10. f4 Qc8 11. h3 Rd8 12. Bf3 Bc4 13. Rf2 e5 14. f5 gxf5 15. exf5
d5 16. Bg5 e4 17. Be2 h6 18. Bxf6 Bxf6 19. Bxc4 dxc4 20. Qg4+ Kh7 21. Nxe4 Bxb2
22. Qh5 Rg8 23. Rb1 Be5 24. Qxf7+ Rg7 25. Qxc4 Nd4 26. Qd3 Nxb3 27. axb3 Rd7 28.
Qf3 Bd4 29. Kh1 Qc6 30. Rd1 Rad8 31. Rfd2 Be5 32. Rxd7+ Rxd7 33. Rxd7+ Qxd7 34.
Qh5 Qd4 35. Qg6+ Kh8 36. Qxh6+ Kg8 37. Qg6+ Kf8 38. Qh6+ Kg8 39. Qe6+ Kf8 40.
Qc8+ Kg7 41. Qxb7+ Kh6 42. Qc6+ Kh5 43. Qg6+ Kh4 44. Qg4# 1-0

[Event "European Blitz 2016"]
[Site "Tallinn EST"]
[Date "2016.12.17"]
[Round "9.27"]
[White "D'Costa, Lorin A R"]
[Black "Pavlidis, Antonios"]
[Result "0-1"]
[WhiteTitle "IM"]
[BlackTitle "GM"]
[WhiteElo "2391"]
[BlackElo "2532"]
[WhiteFideId "409219"]
[BlackFideId "4212312"]
[EventDate "2016.12.17"]

1. d4 Nf6 2. c4 g6 3. Nf3 Bg7 4. g3 O-O 5. Bg2 d6 6. O-O Nc6 7. Nc3 e5 8. dxe5
dxe5 9. Qxd8 Rxd8 10. Bg5 Be6 11. Nd2 h6 12. Bxf6 Bxf6 13. Nde4 Be7 14. Nd5 Bxd5
15. cxd5 Nb4 16. Nc3 Bd6 17. a3 Nc2 18. Rac1 Nd4 19. e3 Nb3 20. Rc2 Rac8 21. Rd1
a6 22. Bh3 f5 23. g4 Rf8 24. gxf5 gxf5 25. Ne2 Rcd8 26. Ng3 f4 27. Nf5 Rf6 28.
Nxd6 cxd6 29. Rc7 b5 30. Be6+ Kh8 31. Kh1 Rg6 32. Rg1 Rxg1+ 33. Kxg1 Nc5 34. Bf5
Na4 35. b4 Nb2 36. Rh7+ Kg8 37. Ra7 Nc4 38. exf4 exf4 39. Rxa6 Kg7 40. Bd3 Ne5
41. Bxb5 f3 42. Ra7+ Kf6 43. Kf1 Rc8 44. Bc6 Rg8 45. b5 Rg4 46. Ke1 Re4+ 47. Kd1
Rd4+ 48. Kc2 Re4 49. Kd1 Re2 50. b6 Nd3 51. b7 Nxf2+ 52. Kc1 Nd3+ 53. Kd1 Nb2+
54. Kc1 f2 0-1

[Event "European Blitz 2016"]
[Site "Tallinn EST"]
[Date "2016.12.17"]
[Round "9.28"]
[White "Zakhartsov, Vladimir"]
[Black "Loginov, Valery A"]
[Result "0-1"]
[WhiteTitle "IM"]
[BlackTitle "GM"]
[WhiteElo "2453"]
[BlackElo "2486"]
[WhiteFideId "4145097"]
[BlackFideId "4126297"]
[EventDate "2016.12.17"]

1. e4 c5 2. Nf3 d6 3. d4 cxd4 4. Nxd4 Nf6 5. Nc3 Nc6 6. Bg5 e6 7. Qd2 a6 8.
O-O-O h6 9. Nxc6 bxc6 10. Bh4 Qb6 11. f4 Rb8 12. b3 d5 13. Bf2 Qa5 14. Bd4 Bb4
15. Qe3 c5 16. Bxf6 gxf6 17. Na4 d4 18. Qg3 Bd7 19. f5 e5 20. Qg7 Ke7 21. Bc4
Rhf8 22. Nb2 Qxa2 23. c3 Bxc3 24. Nd3 Bb5 25. Bxb5 Rxb5 26. Qg3 c4 27. b4 Rxb4 0-1

[Event "European Blitz 2016"]
[Site "Tallinn EST"]
[Date "2016.12.17"]
[Round "9.29"]
[White "Popov, Mikhail"]
[Black "Turov, Maxim"]
[Result "1/2-1/2"]
[WhiteTitle "FM"]
[BlackTitle "GM"]
[WhiteElo "2369"]
[BlackElo "2594"]
[WhiteFideId "4146182"]
[BlackFideId "4120086"]
[EventDate "2016.12.17"]

1. c4 Nf6 2. Nf3 e6 3. Nc3 Bb4 4. Qc2 O-O 5. a3 Bxc3 6. Qxc3 b6 7. g3 Bb7 8. Bg2
a5 9. b3 d6 10. O-O Nbd7 11. Bb2 Qe7 12. d3 e5 13. b4 axb4 14. axb4 Rxa1 15.
Rxa1 Ra8 16. Rxa8+ Bxa8 17. Nxe5 Nxe5 18. Bxa8 Qe8 19. Bg2 Qa4 20. Qd2 h6 21. h3
c5 22. bxc5 bxc5 23. Bxe5 dxe5 24. Qe3 Qa1+ 25. Kh2 Qd4 26. Qxd4 cxd4 27. Kg1
Nd7 28. Kf1 Kf8 29. e3 Ke7 30. Ke2 Kd6 31. exd4 exd4 32. f4 f5 33. Kf3 Nc5 34.
Bf1 Nb3 35. Be2 Nc5 36. g4 Ke6 37. Kg3 g6 38. Kf3 Kf6 39. Kg3 Ke6 40. Kh4 Kf6
41. gxf5 Kxf5 42. Kg3 h5 43. Kf2 Kxf4 44. Bf1 g5 45. Be2 g4 46. hxg4 hxg4 47.
Bf1 Nb3 48. Bg2 Nc1 49. Bf1 Nb3 50. Bg2 Nc5 51. Bf1 Ke5 52. Kg3 Kf5 53. Be2 Kg5
54. Bxg4 1/2-1/2

[Event "European Blitz 2016"]
[Site "Tallinn EST"]
[Date "2016.12.17"]
[Round "9.30"]
[White "Jankovic, Alojzije"]
[Black "Malakhov, Igor"]
[Result "1-0"]
[WhiteTitle "GM"]
[BlackTitle "IM"]
[WhiteElo "2591"]
[BlackElo "2454"]
[WhiteFideId "14505959"]
[BlackFideId "4183088"]
[EventDate "2016.12.17"]

1. d4 Nf6 2. c4 c5 3. d5 g6 4. Nc3 Bg7 5. e4 O-O 6. e5 Ne8 7. Nf3 d6 8. exd6
Nxd6 9. h3 e5 10. Be2 h6 11. O-O f5 12. Ne1 g5 13. Nc2 b6 14. b4 cxb4 15. Nxb4
a5 16. Nc6 Nxc6 17. dxc6 e4 18. Ba3 Bxc3 19. Bxd6 Bxa1 20. Qd5+ Rf7 21. Bh5 Qf6
22. c7 Ra7 23. Bxf7+ Qxf7 24. Rxa1 Be6 25. Qc6 Qd7 26. Qxb6 Ra8 27. Qb8+ Qc8 28.
Rb1 Kf7 29. a4 f4 30. Rb3 Ke8 31. Qxa8 Qxa8 32. Rb8+ 1-0

[Event "European Blitz 2016"]
[Site "Tallinn EST"]
[Date "2016.12.17"]
[Round "9.31"]
[White "Grandelius, Nils"]
[Black "Fargere, Francois"]
[Result "1-0"]
[WhiteTitle "GM"]
[BlackTitle "GM"]
[WhiteElo "2643"]
[BlackElo "2404"]
[WhiteFideId "1710400"]
[BlackFideId "615935"]
[EventDate "2016.12.17"]

1. d4 d5 2. Nc3 Nf6 3. Bf4 c6 4. e3 Bf5 5. f3 h6 6. g4 Bh7 7. Bd3 Nbd7 8. Bxh7
Nxh7 9. Nge2 e6 10. Qd3 Be7 11. e4 Nhf6 12. O-O-O Qa5 13. Kb1 a6 14. Rhe1 b5 15.
Nc1 Qd8 16. Nb3 Nb6 17. h4 Nc4 18. Bc1 Qd7 19. g5 hxg5 20. hxg5 Nh5 21. g6 f6
22. exd5 cxd5 23. Qe2 Bb4 24. Rd3 Ke7 25. f4 a5 26. f5 a4 27. Qxe6+ Qxe6 28.
Rxe6+ Kd7 29. Nc5+ Bxc5 30. dxc5 b4 31. Rxd5+ Kc8 32. Nb5 Ng3 33. c6 Rh1 34.
Re8# 1-0

[Event "European Blitz 2016"]
[Site "Tallinn EST"]
[Date "2016.12.17"]
[Round "9.32"]
[White "Kukk, Sander"]
[Black "Anton Guijarro, David"]
[Result "0-1"]
[BlackTitle "GM"]
[WhiteElo "2178"]
[BlackElo "2650"]
[WhiteFideId "4502094"]
[BlackFideId "2285525"]
[EventDate "2016.12.17"]

1. b3 e5 2. Bb2 Nc6 3. e3 d5 4. Bb5 Bd6 5. c4 a6 6. Ba4 Ne7 7. cxd5 Nxd5 8.
Bxc6+ bxc6 9. Nf3 f6 10. h3 Nb4 11. O-O Nd3 12. Ba3 c5 13. Ne1 Nxe1 14. Rxe1 O-O
15. Nc3 Be6 16. d3 Qd7 17. Rc1 Bxh3 18. Qf3 Bg4 19. Qd5+ Be6 20. Qf3 f5 21. Na4
Qe7 22. Bxc5 Rab8 23. Bxd6 cxd6 24. Rc2 f4 25. e4 Qg5 0-1

[Event "European Blitz 2016"]
[Site "Tallinn EST"]
[Date "2016.12.17"]
[Round "10.1"]
[White "Kovalenko, Igor"]
[Black "Mamedov, Rauf"]
[Result "0-1"]
[WhiteTitle "GM"]
[BlackTitle "GM"]
[WhiteElo "2684"]
[BlackElo "2688"]
[WhiteFideId "14117908"]
[BlackFideId "13401653"]
[EventDate "2016.12.17"]

1. d4 Nf6 2. Nf3 g6 3. c4 Bg7 4. Nc3 O-O 5. e4 d6 6. h3 e5 7. d5 Nh5 8. Be3 Na6
9. a3 c5 10. dxc6 bxc6 11. b4 f5 12. Qa4 c5 13. Rd1 Bb7 14. bxc5 f4 15. c6 fxe3
16. cxb7 exf2+ 17. Kd2 Nc5 18. bxa8=Q Qxa8 0-1

[Event "European Blitz 2016"]
[Site "Tallinn EST"]
[Date "2016.12.17"]
[Round "10.2"]
[White "Chigaev, Maksim"]
[Black "Bortnyk, Olexandr"]
[Result "0-1"]
[WhiteTitle "GM"]
[BlackTitle "GM"]
[WhiteElo "2531"]
[BlackElo "2581"]
[WhiteFideId "4108116"]
[BlackFideId "14120828"]
[EventDate "2016.12.17"]

1. Nf3 Nf6 2. g3 b6 3. Bg2 Bb7 4. O-O g6 5. b3 Bg7 6. Bb2 O-O 7. c4 d6 8. d4 c5
9. d5 Re8 10. Nc3 Nbd7 11. Qc2 Nf8 12. Rad1 a6 13. a4 e5 14. dxe6 Nxe6 15. e3
Ra7 16. Rd2 Qa8 17. Ne1 Bxg2 18. Nxg2 Ng5 19. Rxd6 Ng4 20. Nd5 Nf3+ 21. Kh1 Be5
22. Bxe5 Rxe5 23. h3 Qc8 24. Ndf4 0-1

[Event "European Blitz 2016"]
[Site "Tallinn EST"]
[Date "2016.12.17"]
[Round "10.3"]
[White "Rakhmanov, Aleksandr"]
[Black "Andreikin, Dmitry"]
[Result "0-1"]
[WhiteTitle "GM"]
[BlackTitle "GM"]
[WhiteElo "2667"]
[BlackElo "2737"]
[WhiteFideId "4173708"]
[BlackFideId "4158814"]
[EventDate "2016.12.17"]

1. c4 e5 2. Nf3 Nc6 3. d4 d6 4. Nc3 g6 5. e3 Bg7 6. Be2 exd4 7. Nxd4 Nxd4 8.
exd4 Ne7 9. O-O O-O 10. Re1 Nf5 11. d5 Nd4 12. Bd3 Bd7 13. Ne2 Qh4 14. Be3 Rae8
15. Nxd4 Bxd4 16. Qd2 Bxe3 17. Rxe3 Rxe3 18. Qxe3 b6 19. Re1 Re8 20. Qd2 Rxe1+
21. Qxe1 Qd4 22. Qc3 Qxc3 23. bxc3 g5 24. g3 h6 25. Kg2 Kg7 26. Kf3 Kf6 27. Ke3
Ke7 28. f4 f6 29. a3 Kd8 30. Kd2 Kc8 31. Kc2 Kb7 32. Kb3 c6 33. Be4 Kc7 34. Kc2
Be8 35. Kd3 c5 36. Bf5 Ba4 37. Kd2 Kd8 38. Bc2 Bd7 39. f5 Kc7 40. a4 Kb7 41. Kc1
Ka6 42. Kb2 Ka5 43. Ka3 g4 44. Bd1 Bxf5 45. Be2 h5 46. Bd1 Bd3 0-1

[Event "European Blitz 2016"]
[Site "Tallinn EST"]
[Date "2016.12.17"]
[Round "10.4"]
[White "Castellanos Rodriguez, Renier"]
[Black "Vitiugov, Nikita"]
[Result "1-0"]
[WhiteTitle "IM"]
[BlackTitle "GM"]
[WhiteElo "2491"]
[BlackElo "2726"]
[WhiteFideId "3404650"]
[BlackFideId "4152956"]
[EventDate "2016.12.17"]

1. e4 c5 2. Nf3 e6 3. d4 cxd4 4. Nxd4 a6 5. Bd3 Bc5 6. Nb3 Be7 7. Qg4 g6 8. Qe2
d6 9. O-O Nc6 10. Nc3 Qc7 11. Bd2 h5 12. f4 Nf6 13. Kh1 b5 14. Rae1 Bb7 15. e5
dxe5 16. fxe5 Nd7 17. a4 bxa4 18. Nxa4 Ncxe5 19. Bf4 Bd6 20. Nc3 Nxd3 21. Bxd6
Qxd6 22. cxd3 h4 23. Na5 Bd5 24. Nc4 Bxc4 25. dxc4 h3 26. Ne4 Qc7 27. Rd1 Rd8
28. Nd6+ 1-0